LEADER 01076nam a2200253 i 4500 001 000000150399 003 CaOOAMICUS 005 20060522000000.0 008 060522s1979 it u000 u ita u 013 $a127737 040 $aSeMil$bita 100 1 $aDorotheus : Gazaeus.$0(OLS)http://semarc/name/39400 245 10$aInsegnamenti spirituali /$cDoroteo di Gaza ; traduzione, introduzione e note a cura di Maurizio Paparozzi. 260 $aRoma :$bCittà Nuova,$ccopyr. 1979. 300 $a260 p. ;$c21 cm. 490 0 $aCollana di testi patristici ;$v21 650 4$aSpiritualità - Testi - Sec. 6.$0(OLS)http://semarc/subject/29420 700 1 $aPaparozzi, Maurizio.$0(OLS)http://semarc/name/3532 830 0$aCollana di testi patristici ;$v21.$0(OLS)http://semarc/title/2 850 $aSeMil 852 $aSeMil$W1$xVenegono$y1$m2U III 121$j102540$B102540$CSeMilBibl$Z2$F111342 $81 961 $aAcquisto: Città Nuova 996 $6245$aInsegnamenti spirituali$9(OLS)http://semarc/title/219939 996 $6260$aRoma :$bCittà Nuova$9(OLS)http://semarc/publisher/29609 LEADER 01160nam a2200229 i 4500 001 000000247085 003 CaOOAMICUS 005 20220127162459.0 008 151211s1988 it u000 u ita u 013 $a225990 040 $aSeMil$bita 100 1 $aWagner, Richard,$d<1813-1883>.$0(OLS)http://semarc/name/8764 245 10$aParsifal :$bdramma mistico in tre atti. Prima rappresentazione : Bayreuth, Bühnenfestspielhaus, 26 luglio 1882 /$ctesto e musica di Richard Wagner ; traduzione ritmica di Giovanni Pozza dal testo originale tedesco. 264 1$aMilano :$bG. Ricordi & C.,$c1988. 300 $a64 p. ;$c15 cm. 650 4$aWagner, Richard <1813-1883> - Opere . Parsifal.$0(OLS)http://semarc/subject/25459 700 1 $aPozza, Giovanni.$0(OLS)http://semarc/name/82827 850 $aSeMil 852 $aSeMil$W1$xVenegono$y1$m5D VII 13/44$j197431$B197431$CSeMilBibl$Z2$F208533 $81 996 $6245$aParsifal :$bdramma mistico in tre atti. Prima rappresentazione : Bayreuth, Bühnenfestspielhaus, 26 luglio 1882$9(OLS)http://semarc/title/348977 996 $6264$aMilano :$bG. Ricordi & C.$9(OLS)http://semarc/publisher/55137